Score 0/21 Timer 09:00
0 Plays Today
Question Answer Wrong Answers
Pearl Harbor was attacked on December 7, 1941.

Select the movie set in the same US state.
Lilo & Stitch (Hawaii)
89.3%
Pocahontas (Virginia)
3.2%
The Princess and the Frog (Louisiana)
2.5%
Charles Lindbergh's transatlantic flight ended at Le Bourget on May 21, 1927.

Select the movie set in the same city.
Ratatouille (Paris)
86.8%
101 Dalmatians (London)
7%
Finding Nemo (Sydney)
2.8%
The Great Fire of Thessaloniki ignited on August 18, 1917.

Select the movie set in the same country.
Mamma Mia! (Greece)
82.6%
Sweeney Todd (England)
7.2%
The Phantom of the Opera (France)
9%
The Tōhoku earthquake and tsunami occurred on March 11, 2011.

Select the movie set in the same country.
Godzilla (Japan)
82.5%
King Kong (USA)
4.4%
Little Shop of Horrors (USA)
5.2%
Building of the Space Needle ended in December 1961 for the 1962 World's Fair.

Select the movie set in the same US city.
Sleepless in Seattle (Seattle, Washington)
81.8%
Gangs of New York (New York City, New York)
5.7%
Straight Outta Compton (Compton, California)
5.7%
Live Aid raised $127 million for famine relief on July 13, 1985.

Select the movie set on the continent that received the money.
The Lion King (Africa)
79.9%
The Jungle Book (Asia)
8.7%
Up (South America)
3.9%
The RMS Titanic sank on April 14-15, 1912.

Select the movie set in the same ocean.
The Hunt for Red October (Atlantic Ocean)
78.9%
Cast Away (Pacific Ocean)
10.5%
Life of Pi (Pacific Ocean)
10.2%
Alcatraz opened as a maximum high-security prison on August 11, 1934.

Select the movie set in the same US state.
Singin' in the Rain (California)
78.1%
The Wizard of Oz (Kansas)
4.1%
Oklahoma! (Oklahoma)
13.1%
'Curiosity' traveled 560 million km, landing in the Gale Crater on August 6, 2012.

Select the movie set on the same celestial body.
The Martian (Mars)
78%
WALL-E (Earth)
8.8%
2001: A Space Odyssey (Moon)
5%
The Berlin Wall fell on November 9, 1989.

Select the movie set in the same city.
Cabaret (Berlin)
75.9%
Chicago (Chicago)
8.8%
Moulin Rouge! (Paris)
7.7%
Martin Luther King, Jr. said 'I Have a Dream' on August 28, 1963.

Select the movie set in the same US city.
Mr. Smith Goes to Washington (Washington, D.C.)
68.5%
Sunset Boulevard (Los Angeles)
9.8%
The Maltese Falcon (San Francisco)
14.6%
The Salt March was an act of civil disobedience from March-April 1930.

Select the movie set in the same country.
Slumdog Millionaire (India)
66.9%
The Karate Kid (China)
13%
Good Morning, Vietnam (Vietnam)
15.9%
Three Gorges Dam was built over the Yangtze River, starting December 14, 1994.

Select the movie set in the same country.
Crouching Tiger, Hidden Dragon (China)
66.2%
Platoon (Vietnam)
8.9%
The Bridge on the River Kwai (Thailand)
17.2%
The Great Smog of 1952 led to the passing of the Clean Air Act in 1956.

Select the movie set in the same city.
Oliver! (London)
65.5%
Hugo (Paris)
9.2%
Newsies (New York City)
19.7%
Emiliano Zapata and Pancho Villa led a revolution beginning November 20, 1910.

Select the movie set in the same country.
Coco (Mexico)
65.3%
Evita (Argentina)
26.1%
Les Misérables (France)
8.4%
Dolly the Sheep, the first cloned mammal, was born on July 5, 1996.

Select the movie set in the same UK constituent country.
Braveheart (Scotland)
64.5%
How Green Was My Valley (Wales)
7.9%
My Fair Lady (England)
19.7%
Rosa Parks refused to give up her bus seat on December 1, 1955.

Select the movie set in the same US state.
To Kill a Mockingbird (Alabama)
63.9%
12 Angry Men (New York)
10.4%
Gone with the Wind (Georgia)
19.7%
The Auschwitz Trials took place November-December 1947.

Select the movie set in the same city.
Schindler's List (Krakow, Poland)
63.8%
The Sound of Music (Salzburg, Austria)
27.3%
Casablanca (Casablanca, Morocco)
3.6%
Benito Mussolini's National Fascist Party rose to power in October 1922.

Select the movie set in the same country.
Romeo and Juliet (Italy)
63.7%
Hamlet (Denmark)
9.8%
A Midsummer Night's Dream (Greece)
23.9%
Three Mile Island experienced a partial nuclear meltdown on March 28, 1979.

Select the movie set in the same US state.
The Deer Hunter (Pennsylvania)
40.4%
Jaws (Massachusetts)
23.9%
Saturday Night Fever (New York)
28.4%
The Little Rock Nine enrolled at Little Rock Central High School in 1957.

Select the movie set in the same US state.
True Grit (Arkansas)
33.2%
High Noon (New Mexico)
32%
No Country for Old Men (Texas)
28.3%
Remove Ads.
Support Sporcle.
Get the best of Sporcle when you Go Orange. This ad-free experience offers more features, more stats, and more fun while also helping to support Sporcle. Thank you for becoming a member.

You're not logged in!

Compare scores with friends on all Sporcle quizzes.
OR
Log In

Sporcle TV

Today on Sporcle TV


Watch our educational content, quiz creation guides, and fun videos on Sporcle TV.

Show Comments

Extras

Top Quizzes Today


Score Distribution

Paid Content

Your Account Isn't Verified!

In order to create a playlist on Sporcle, you need to verify the email address you used during registration. Go to your Sporcle Settings to finish the process.

Report this User

Report this user for behavior that violates our Community Guidelines.

Details: